Consideraciones sociohistóricas de la odontología en Colombia y Antioquia siglo XX / (Registro nro. 11402)

Detalles MARC
000 -LEADER
fixed length control field 01144nam a2200289 4500
001 - CONTROL NUMBER
control field 0000023000
003 - CONTROL NUMBER IDENTIFIER
control field CO-CtgCURN
005 - DATE AND TIME OF LATEST TRANSACTION
control field 20250526143622.0
007 - PHYSICAL DESCRIPTION FIXED FIELD--GENERAL INFORMATION
fixed length control field ta
008 - FIXED-LENGTH DATA ELEMENTS--GENERAL INFORMATION
fixed length control field 160627s1996 000 0 eng d
040 ## - CATALOGING SOURCE
Original cataloging agency CO-CtgCURN
Language of cataloging spa
Transcribing agency coctgcurn
082 0# - DEWEY DECIMAL CLASSIFICATION NUMBER
Classification number 617.6009861
Item number P343c
100 1# - MAIN ENTRY--PERSONAL NAME
Personal name Payares González, Carlos.
245 10 - TITLE STATEMENT
Title Consideraciones sociohistóricas de la odontología en Colombia y Antioquia siglo XX /
Statement of responsibility, etc. Carlos Payares González y Alberto Arango Botero.
250 ## - EDITION STATEMENT
Edition statement 2a ed.
260 ## - PUBLICATION, DISTRIBUTION, ETC.
Place of publication, distribution, etc. Medellin :
Name of publisher, distributor, etc. Talleres Graficos de Promotora de Ediciones y Comunicaciones S.A.,
Date of publication, distribution, etc. 1996.
300 ## - PHYSICAL DESCRIPTION
Extent 272 p.
336 ## - CONTENT TYPE
Source rdacontent
337 ## - MEDIA TYPE
Source rdamedia
Media type term sin mediacion
Media type code n
338 ## - CARRIER TYPE
Source rdacarrier
Carrier type term volumen
Carrier type code nc
505 8# - FORMATTED CONTENTS NOTE
Formatted contents note Historias de algunas practicas sanitarias.--la historia de la practica odontologica.--Primeros cirujanos dentistas en Colombia y Antioquia
650 14 - SUBJECT ADDED ENTRY--TOPICAL TERM
Topical term or geographic name entry element Odontología
Form subdivision Historia
Geographic subdivision Antioquia (Col.)
700 1# - ADDED ENTRY--PERSONAL NAME
Personal name Arango Botero, Alberto.
908 ## - PUT COMMAND PARAMETER (RLIN)
Put command parameter 160627
942 ## - ADDED ENTRY ELEMENTS (KOHA)
Koha item type Libros
Classification part 617.6009861
Item part P343c
Source of classification or shelving scheme Dewey Decimal Classification
Suppress in OPAC No
Existencias
Withdrawn status Lost status Source of classification or shelving scheme Damaged status Not for loan Collection Home library Current library Shelving location Date acquired Inventory number Total checkouts Full call number Barcode Date last seen Price effective from Koha item type Public note
    Dewey Decimal Classification     General Miguel Henríquez Emiliani Miguel Henríquez Emiliani General 03/29/2025 012418   617.6009861 P343c 012418 03/29/2025 03/29/2025 Libros 610-CIENME